| 000 | 00000nam 2200000za 4500 |
| 001 | 9.838019 |
| 003 | CaOODSP |
| 005 | 20221107151259 |
| 007 | cr ||||||||||| |
| 008 | 170609s2017 oncd os f000 0 eng d |
| 040 | |aCaOODSP|beng |
| 043 | |an-cn--- |
| 086 | 1 |aCS95-640/14-2016E-PDF |
| 245 | 00|aSeeding decisions harvest opportunities for Canadian farm operators |h[electronic resource]. |
| 260 | |a[Ottawa] : |bStatistics Canada, |c2017. |
| 300 | |a14 p. : |bcol. charts |
| 490 | 0 |a[Farm and farm operator data] |
| 500 | |aIssued also in French under title: Les exploitants agricoles récoltent le fruit de leurs choix de semis. |
| 500 | |aCover title. |
| 500 | |a"Release date: May 31, 2017." |
| 520 | |a“With innovation in crop science, production practices, and marketing, Canadian farmers have increased the variety of field crops grown, while expanding the production area. This article presents a brief analysis of the results from the 2016 Census of Agriculture"--Provided by publisher. |
| 692 | 07|2gccst|aCrops |
| 692 | 07|2gccst|aFarms |
| 692 | 07|2gccst|aStatistics |
| 710 | 2 |aStatistics Canada. |
| 775 | 08|tLes exploitants agricoles récoltent le fruit de leurs choix de semis |w(CaOODSP)9.838020 |
| 856 | 40|qPDF|s566 KB|uhttps://publications.gc.ca/collections/collection_2017/statcan/95-640-x/14813-eng.pdf |
| 986 | |a95-640-X |